Sports Quiz

Random Sports or Football Quiz

1,000 Rushers of the Pac-10: 2005 - 2010 Quiz Stats

Quiz not verified by Sporcle

Challenge
Share
Tweet
Embed
Score 0/21 Timer 05:00
0 Plays Today
School Player % Correct
USCReggie Bush
91.2%
OregonLaMichael James
86.8%
USCLenDale White
82.4%
Oregon StateJacquizz Rodgers
76.5%
CalMarshawn Lynch
76.5%
OregonLaGarrette Blount
73.5%
StanfordToby Gerhart
69.1%
CalJahvid Best
64.7%
OregonJonathan Stewart
52.9%
OregonJeremiah Johnson
41.2%
WashingtonChris Polk
39.7%
School Player % Correct
USCJoe McKnight
39.7%
CalJustin Forsett
36.8%
Oregon StateYvenson Bernard
33.8%
CalShane Vereen
32.4%
Washington StateJerome Harrison
26.5%
UCLAJonathan Franklin
23.5%
Arizona StateRyan Torain
13.2%
ArizonaNic Grigsby
11.8%
UCLAChris Markey
8.8%
WashingtonLouis Rankin
7.4%

You're not logged in!

Compare scores with friends on all Sporcle quizzes.
Join for Free
OR
Log In

You Might Also Like...

Show Comments

Extras

Top Quizzes Today


Score Distribution

Your Account Isn't Verified!

In order to create a playlist on Sporcle, you need to verify the email address you used during registration. Go to your Sporcle Settings to finish the process.

Report this User

Report this user for behavior that violates our Community Guidelines.

Details: